• 首页
  • 本馆介绍
  • 公告通知
  • 最新文献
  • 馆藏检索
  • 电子资源
  • 读者导购
  • 参考咨询
  • 我的图书馆
  • 登录
  • 详细信息显示
  • 放入我的书架
  • 预约/预借图书
  • 作者相关作品
  • 分类相关作品
  • 丛书相关作品
  • 出版社相关作品

书目信息

  • 表格格式
  • 工作单格式
  • 卡片格式
题名:
绿色住宅绿化环境技术
    
 
作者: 刘宗群 , 黎明 编著
分册:  
出版信息: 北京   化学工业出版社  2008
页数: 263页
开本: 24cm
丛书名: 绿色建筑系列
单 册:
中图分类: S731.52 , TU985.12
科图分类:
主题词: 居住区--绿化--设计 , 居住区 , 绿化
电子资源:
ISBN: 978-7-122-01149-7
000 01028oam2 2200301 45
001 1033012171
005 20100407164807.01
010    @a978-7-122-01149-7@dCNY35.00
100    @a20100331d2008 em y0chiy0110 ea
101 0  @achi
102    @aCN@b110000
105    @aa z 000yy
106    @ar
200 1  @a绿色住宅绿化环境技术@ALu^ Se Zhu Zhai Lu^ Hua Huan Jing Ji Shu@f刘宗群,黎明编著@FLiu Zong Qun, Li Ming Bian Zhu
210    @a北京@c化学工业出版社@d2008
215    @a263页@c图,照片@d24cm
225 2  @a绿色建筑系列
330    @a本书从绿色住宅的基本理论、环境绿化的基本技术方法等方面对绿色住宅环境绿化要求进行了论述,详细介绍了居住区公共绿地、宅旁绿地、专用绿地、道路绿地等方面的绿化设计技术与要求。
461  0 @12001 @a绿色建筑系列
606 0  @a居住区@x绿化@x设计
606 0  @a居住区
606 0  @a绿化
690    @aS731.52@v4
690    @aTU985.12@v4
701  0 @a刘宗群@ALiu Zong Qun@4编著
701  0 @a黎明@ALi Ming@4编著
801  0 @aCN@bTANGWEI@c20100407
905    @b0587485-89@dS731.52@e46@f5
    
    绿色住宅绿化环境技术/刘宗群,黎明编著.-北京:化学工业出版社,2008
    263页:图,照片;24cm.-(绿色建筑系列)
    
    
    ISBN 978-7-122-01149-7:CNY35.00
    本书从绿色住宅的基本理论、环境绿化的基本技术方法等方面对绿色住宅环境绿化要求进行了论述,详细介绍了居住区公共绿地、宅旁绿地、专用绿地、道路绿地等方面的绿化设计技术与要求。
●
相关链接 在E读中查询图书 在五车中查询图书 在当当中查询图书 在豆瓣中查询图书


正题名:绿色住宅绿化环境技术     索取号:S731.52/46         预约/预借

序号 登录号 条形码 馆藏地/架位号 状态 备注
1 0587485   205874856   第二样本阅览室/ [索取号:S731.52/46] 在馆    
2 0587486   205874865   第三借阅区/ [索取号:S731.52/46] 在馆    
3 0587487   205874874   第三借阅区/ [索取号:S731.52/46] 在馆    
4 0587488   205874883   第三借阅区/ [索取号:S731.52/46] 在馆    
5 0587489   205874892   第三借阅区/ [索取号:S731.52/46] 在馆    
唐山师范学院图书馆 欢迎您!
大连网信软件有限公司© 版权所有